Регионална библиотека "Любен Каравелов" - Русе

Richard Strauss [CD аудио] (Запис номер 217772)

MARC детайли
000 -Лидер
Контролно поле с фиксирана дължина 01498njm a2200349 c 4500
003 - Код на организацията, давaща контролен номер
Контролно поле BLK
005 - Дата и час на последна редакция
Контролно поле 20241004101643.0
008 - Елементи от данни с фиксирана дължина
fixed length control field 180410b bul||n||s|||||||| n|bulo|
010 ## - Наследен системен номер
LC control number CDD00000884000
020 ## - Международен стандартен номер на книга ISBN
Международен стандартен номер на книга ISBN 978-3-86562-606-6
-- издат.: Schallplatten, Produktion und Vertrieb
040 ## - Източник на каталожния запис
Идентификатор на билиотеката - собственик на записа BLK
041 ## - Код за език
Код за езика на текст/звукозапис или на отделно заглавие Немски
Код за езика КДБФ Немски
080 ## - УДК
Текстов определител УДК Опера. Музикална драма. Романтична опера. Опера-приказка
УДК код - определител по УДК 782.1
УДК определител
УДК - код + определител 782.1
100 1# - Редна дума - Автор
Автор Щраус, Рихард
Дати, свързани с автора 1864 - 1949
R(LIN) 144682
139 ## - Редно поле
Редна дума Richard Strauss [CD аудио]
Авторски знак Щр - Щ 54
245 10 - Сведения за заглавието
Заглавие Richard Strauss [CD аудио]
Подзаглавни данни 10 CD Set
Редно поле (дума) Рихард Щраус; * Richard Strauss.
Том CD 6
257 ## - Страна на издаване
Страна на създаване/издаване Германия
260 ## - Област на издателските данни
-- Hannover
Име на издателя, разпространителя и проч. Schallplatten, Produktion und Vertrieb
Година на издаване 2006
300 ## - Физическа характеристика
Размери/Мащаб 12 cm
Тип мерна единица бр. в к-т
Количество на мерната единица 10 CD
380 ## - Жанр
Жанр Изкуство
505 ## - Форматирана забележка
Подзаглавни данни Komodie fur Musik in drei Aufzugen von Hugo von Hofmannstahl : 1. Aufzug оп.59
Авторската отговорност сопран Viorica Ursuleac; бас Ludwig Weber; изп. Chor der Bayerischen Staatsoper; изп. Bayerisches Staatsorchester; диригент Clemens Krauss.
Заглавие Der Rosenkavalier
650 #4 - Допълнително описание по предмет – тема
Основно описание – тема или топоним Опери
9 (RLIN) 165041
653 ## - Ключова дума – ненормативна
Ключова дума опери
700 1# - Други автори (авторска отговорност)
Лично име Strauss, Richard
9 (RLIN) 25540
760 1# - Описание на основната серия
Редна дума на основното описание Щраус, Рихард
Страници - том 74мин. 1сек.
Заглавие CD 6
852 ## - Местоположение
Форматна сигнатура Цб CD 2444
Част 1
856 4# - Електронен адрес и достъп
Електронен формат pdf - файл
Път до файла /url/
856 4# - Електронен адрес и достъп
Електронен формат pdf - файл
Път до файла /url/
942 ## - АРТИКУЛИ
Вид на библиотечния материал Компактдискове
Скрит в OPAC Не
944 ## - СЪЗДАВАНЕ И РЕДАКЦИЯ на ЗАПИСА
Създаване/Редакция Създаване
Дата на регистрацията/редакция 05.01.2010
Служител, извършил регистрацията/редакцията 30560
Статус, дата на статуса Геновева Генчева
944 ## - СЪЗДАВАНЕ И РЕДАКЦИЯ на ЗАПИСА
Създаване/Редакция Редакция
Дата на регистрацията/редакция 10.09.2010
Служител, извършил регистрацията/редакцията
999 ## - СИСТЕМНИ КОНТРОЛНИ НОМЕРА
Koha biblionumber 217772
Koha biblioitemnumber 217772
Наличности
Код за отписване Код за изгубен артикул Източник на класификационната схема Код за повреда Коз за рестрикции Код за отдаване Артикулен № Име на библиотеката - собственик Име на библиотеката, в която се намира в момента Статус (Текущо местоположение) Дата на вписване в системата Местоположение - отдел Цена в лева Инвентарен номер Систематично азбучна сигнатура Баркод Номер на екземпляра Цена в евро Служебна бележка Служебен тип на артикула
  Не е изгубен Universal Decimal Classification Не е повреден без рестрикции заемане за дома 389147 Регионална библиотека "Любен Каравелов" Русе Регионална библиотека "Любен Каравелов" Русе Отдел Изкуство - подръчен фонд 2000-01-01 Отдел Изкуство - подръчен фонд 10.00 120000907156 782/S 88 120000907156 1 5.11 Дост: DA Вид: А N: стар фонд Дата: 01.01.2000 Съставил: Теодора_Стоянова Компактдискове
Vip Innovations Ltd, Rousse, Bulgaria 2025